000 00604nam a22002417a 4500
003 UA-OsUOA
001 30107
007 ta
008 20041103b un ||||| |||| 00| 0 ukr d
100 _aСладковский М. И.
090 _a913(510)
_bС47
942 _cBK
040 _aUA-OsUOA
_brus
_cUA-OsUOA
_dUA-OsUOA
245 _aЗнакомство с Китаем и китайцами
300 _a382 с.
_bІлюстрації
955 _a0
041 _arus
080 _a913(510)
260 _aМосква
_bМысль
_c1984
044 _aRU
650 7 _2UDC
999 _c316514
_d316514